William Wordsworth : (Record no. 9246)

MARC details
000 -LEADER
fixed length control field 01411nac a22003251u 4500
003 - CONTROL NUMBER IDENTIFIER
control field EG-ScBUE
005 - DATE AND TIME OF LATEST TRANSACTION
control field 20210524122733.0
008 - FIXED-LENGTH DATA ELEMENTS--GENERAL INFORMATION
fixed length control field 200219s2005 ii f b 000 pbeng d
020 ## - INTERNATIONAL STANDARD BOOK NUMBER
International Standard Book Number 8175810807
040 ## - CATALOGING SOURCE
Original cataloging agency EG-ScBUE
Language of cataloging eng
Description conventions rda
Transcribing agency EG-ScBUE
Modifying agency EG-ScBUE
082 04 - DEWEY DECIMAL CLASSIFICATION NUMBER
Classification number 821.7
Item number MUK
Edition number 22
100 1# - MAIN ENTRY--PERSONAL NAME
Personal name Mukherjee, S. K.,
Relator term author.
240 10 - UNIFORM TITLE
Uniform title <a href="Poems.">Poems.</a>
Form subheading Selections
245 10 - TITLE STATEMENT
Title William Wordsworth :
Remainder of title a detailed consideration of selected poems-with the text, introduction, appreciation, explanation and annotations /
Statement of responsibility, etc S. K. Mukherjee, professor of English, Midnapore College, Midnapore, formerly, professor of English, Scottish Church College, Calcutta and examiner in English, Calcutta University and Rajinder Paul, Department of English, Hans Raj College, University of Delhi.
250 ## - EDITION STATEMENT
Edition statement Twentieth edition.
264 #1 - PUBLICATION, DISTRIBUTION, ETC. (IMPRINT)
Place of publication, distribution, etc New Delhi :
Name of publisher, distributor, etc Rama Brothers India Pvt. Ltd.,
Date of publication, distribution, etc 2005.
300 ## - PHYSICAL DESCRIPTION
Extent viii, 303 pages ;
Dimensions 20 cm
336 ## - CONTENT TYPE
Source rdacontent
Content type term text
Content type code txt
337 ## - MEDIA TYPE
Source rdamedia
Media type term unmediated
Media type code n
338 ## - CARRIER TYPE
Source rdacarrier
Carrier type term volume
Carrier type code nc
500 ## - GENERAL NOTE
General note Distributer: Al-Ahram.
504 ## - BIBLIOGRAPHY, ETC. NOTE
Bibliography, etc Includes bibliographical references.
600 17 - SUBJECT ADDED ENTRY--PERSONAL NAME
Personal name Wordsworth, William,
Dates associated with a name 1770-1850.
General subdivision Poems.
Source of heading or term BUEsh
650 #7 - SUBJECT ADDED ENTRY--TOPICAL TERM
Topical term or geographic name as entry element English poetry
Chronological subdivision 19th century.
Source of heading or term BUEsh
651 ## - SUBJECT ADDED ENTRY--GEOGRAPHIC NAME
Source of heading or term BUEsh
653 ## - INDEX TERM--UNCONTROLLED
Resource For college Humanities: English
Arrived date list May2021
655 ## - INDEX TERM--GENRE/FORM
Form subdivision Reading book
9 (RLIN) 34232
700 1# - ADDED ENTRY--PERSONAL NAME
Personal name Paul , Rajinder,
Relator term author.
942 ## - ADDED ENTRY ELEMENTS (KOHA)
Koha item type Book - Borrowing
Call number prefix 821.7MUK
Source of classification or shelving scheme Dewey Decimal Classification
Holdings
Withdrawn status Lost status Source of classification or shelving scheme Damaged status Not for loan Collection code Home library Current library Shelving location Date acquired Source of acquisition Total Checkouts Total Renewals Full call number Barcode Date last seen Date checked out Price effective from Koha item type
    Dewey Decimal Classification     Alahram Central Library Central Library Second Floor 22/04/2008 Purchase 3 5 821.7 MUK 000011195 15/07/2025 12/10/2022 22/04/2008 Book - Borrowing